Country Names Containing ‘AN’ in their Name - Statistics

General Stats
  • This quiz has been taken 145 times
  • The average score is 37 of 52
Answer Stats
Hint Answer % Correct
Afghanistan
96%
Kyrgyzstan
93%
Turkmenistan
89%
Uzbekistan
89%
Kazakhstan
88%
Tajikistan
88%
Angola
87%
Pakistan
87%
Ireland
85%
Japan
85%
Poland
85%
Andorra
83%
Canada
83%
France
83%
Iceland
83%
Finland
81%
Netherlands
80%
Iran
79%
Oman
79%
Panama
77%
Azerbaijan
76%
Bhutan
75%
Jordan
74%
Albania
73%
New Zealand
73%
Switzerland
71%
Antigua and Barbuda
70%
Sudan
70%
Tanzania
70%
Thailand
70%
Bangladesh
69%
South Sudan
68%
Dominican Republic
67%
Ghana
67%
Romania
67%
Germany
65%
Uganda
65%
Vatican City
61%
Rwanda
60%
Marshall Islands
58%
San Marino
58%
Lithuania
57%
Solomon Islands
57%
L Lebanon
56%
Central AfricanRepublic
55%
Taiwan
55%
Guyana
54%
Myanmar
51%
Vanuatu
50%
Mauritania
44%
Botswana
43%
Sri Lanka
36%
No matching quizzes found
Score Distribution
Percent of People with Each Score
Percentile by Number Answered
Your Score History
You have not taken this quiz